| 000 | 00594nam a22001937a 4500 | ||
|---|---|---|---|
| 005 | 20170817111633.0 | ||
| 010 | _aENG-119832 | ||
| 020 |
_a9788186514856 _c1000.00 |
||
| 035 | _aEN-103364 | ||
| 037 | _bDBAD/PUB | ||
| 082 | _a358.17 | ||
| 100 | _aMohan, S.R | ||
| 245 |
_aFundamentals of guides missiles / _cby S.R. Mohan |
||
| 260 |
_aNew Delhi _bDefence Research and Development Organisation _c2016 |
||
| 270 |
_aMinistry of Defence _bNew Delhi _e110011 |
||
| 300 |
_axxvi,626p. : _c25cm(Hb) _b ill (col). |
||
| 500 | _a Includes index | ||
| 942 |
_2ddc _cEN _h358.17 _mMOH |
||
| 999 |
_c143452 _d143452 |
||